Countries with most Terrorism - Statistics

General Stats
  • This quiz has been taken 49 times
  • The average score is 10 of 15
Answer Stats
Civilian Casualties Country % Correct
12,799 Iraq
98%
1,704 Afghanistan
91%
7,011 Syria
87%
4,279 Pakistan
85%
272 United States
74%
392 Yemen
74%
438 India
70%
211 Egypt
66%
221 Russia
66%
241 Turkey
66%
408 Somalia
64%
306 Libya
62%
1,304 Lebanon
55%
210 Philippines
40%
154 Thailand
36%
No matching quizzes found
Score Distribution
Percent of People with Each Score
Percentile by Number Answered
Your Score History
You have not taken this quiz